Champions NBA par année - Statistiques

Statistiques générales
  • Ce quiz a été pris 956 fois
    805 depuis la dernière actualisation
  • Le résultat moyen est 45 sur 75
Statistiques - réponses
Année Champion % Correct
2024 Celtics
97%
2023 Nuggets
96%
2020 Lakers
95%
2022 Warriors
94%
2021 Bucks
92%
2018 Warriors
92%
2017 Warriors
92%
2016 Cavaliers
91%
2019 Raptors
91%
2015 Warriors
91%
2013 Heat
90%
2014 Spurs
90%
2012 Heat
89%
2010 Lakers
88%
2011 Mavericks
86%
2009 Lakers
84%
2008 Celtics
82%
2007 Spurs
81%
1997 Bulls
80%
1996 Bulls
80%
1998 Bulls
79%
1993 Bulls
79%
1992 Bulls
79%
2001 Lakers
79%
2000 Lakers
79%
1991 Bulls
78%
2002 Lakers
78%
2005 Spurs
77%
2004 Pistons
74%
2003 Spurs
73%
2006 Heat
72%
1995 Rockets
70%
1994 Rockets
69%
1999 Spurs
67%
1986 Celtics
64%
1988 Lakers
64%
1987 Lakers
64%
1990 Pistons
64%
1985 Lakers
62%
1989 Pistons
62%
1984 Celtics
61%
1981 Celtics
54%
1982 Lakers
54%
1980 Lakers
53%
1964 Celtics
45%
1963 Celtics
45%
1962 Celtics
45%
1960 Celtics
45%
1959 Celtics
45%
1983 76ers
44%
1966 Celtics
44%
1965 Celtics
44%
1961 Celtics
44%
1969 Celtics
40%
1968 Celtics
40%
1957 Celtics
37%
1972 Lakers
34%
1950 Lakers
34%
1952 Lakers
33%
1976 Celtics
32%
1979 SuperSonics
32%
1971 Bucks
31%
1973 Knicks
31%
1953 Lakers
31%
1970 Knicks
30%
1954 Lakers
30%
1974 Celtics
29%
1977 Trail Blazers
28%
1978 Bullets
26%
1958 Hawks
26%
1967 76ers
25%
1975 Warriors
23%
1956 Warriors
20%
1951 Royals
18%
1955 Nationals
11%
Aucun quiz correspondant
Distribution des résultats
% des personnes avec chaque résultat
Percentile par nombre de réponses
Votre historique - résultats
Vous n’avez pas pris ce quiz depuis la dernière actualisation